[Event "IV JAHV McGregor 2013"]
[Site "Bogota COL"]
[Date "2013.12.05"]
[Round "3.43"]
[White "Loaiza,Y"]
[Black "Ruiz,Al"]
[Result "0-1"]
[WhiteElo "1939"]
[BlackElo "2165"]

1.e4 c5 2.Nf3 Nc6 3.Bb5 e6 4.Bxc6 bxc6 5.d3 Ne7 6.O-O Ng6 7.Nbd2 Be7 8.Nc4 O-O
9.Re1 d6 10.b3 e5 11.Bb2 f5 12.c3 Be6 13.Ne3 Qd7 14.Qd2 fxe4 15.dxe4 Rxf3
16.gxf3 Nh4 17.Qe2 Rf8 18.Kh1 Nxf3 19.Nf5 Nxe1 20.Nxe7+ Qxe7 21.Rxe1 Qh4
22.f3 Rxf3 23.Qxf3 Qxe1+ 24.Kg2 Qd2+ 25.Qf2 Qd3 26.Qf3 Qc2+ 27.Qf2 Qxe4+
28.Kf1 Bh3+  0-1

[Event "IV JAHV McGregor 2013"]
[Site "Bogota COL"]
[Date "2013.12.06"]
[Round "5.85"]
[White "Ricciulli Vargas,Roberth Eliece"]
[Black "Hernandez,OsE"]
[Result "0-1"]
[WhiteElo "1740"]
[BlackElo "2023"]

1.e4 c5 2.Nf3 Nc6 3.Bb5 e6 4.Bxc6 dxc6 5.O-O Nf6 6.d3 Qc7 7.Re1 e5 8.Bg5 Be7
9.Nbd2 Be6 10.Nf1 O-O-O 11.Qe2 g6 12.h3 h6 13.Bh4 g5 14.Bg3 Bd6 15.Ne3 Nh5
16.Nf5 Nf4 17.Nxd6+ Qxd6 18.Qd2 f6 19.Qa5 Kb8 20.Rad1 g4 21.Bxf4 gxf3 22.Be3 b6
23.Qd2 Rdg8 24.g4 Bxg4 25.Kh2 Bxh3 26.Rg1 Bg2  0-1

[Event "IV JAHV McGregor 2013"]
[Site "Bogota COL"]
[Date "2013.12.06"]
[Round "5.71"]
[White "Gomez V,Duvan Leandro"]
[Black "Munoz,Ju"]
[Result "0-1"]
[WhiteElo "1909"]
[BlackElo "2211"]

1.e4 c5 2.Nf3 Nc6 3.Bb5 g6 4.Bxc6 dxc6 5.O-O Bg7 6.d3 Bg4 7.h3 Bxf3 8.Qxf3 Nf6
9.Nc3 O-O 10.Be3 b6 11.Qe2 e5 12.Qd2 Qd6 13.f4 Rad8 14.Rf3 c4 15.fxe5 Qxe5
16.d4 Qe6 17.e5 Nd5 18.Ne4 f6 19.Raf1 fxe5 20.Ng5 Qe7 21.Rf7 Rxf7 22.Rxf7 Qe8
23.dxe5 h6 24.Rxa7 hxg5 25.Bxg5 Rd7 26.Rxd7 Qxd7  0-1

[Event "63rd ch-HUN 2013"]
[Site "Gyula HUN"]
[Date "2013.12.06"]
[Round "4.4"]
[White "Czebe,A"]
[Black "Pap,G"]
[Result "1/2-1/2"]
[WhiteElo "2451"]
[BlackElo "2522"]

1.e4 c5 2.Nf3 Nc6 3.Bb5 e6 4.O-O Nge7 5.Re1 Nd4 6.Nxd4 cxd4 7.d3 a6 8.Ba4 b5
9.Bb3 Bb7 10.Nd2 Nc6 11.Qh5 Qf6 12.Nf3 Bb4 13.Rf1 O-O 14.a3 Bd6 15.Qg4 Qg6
16.Qh3 Be7 17.Bd2 Kh8 18.Rae1 f5 19.Bd5 exd5 20.exd5 Bf6 21.dxc6 Bxc6 22.Bf4 Bxf3
23.Qxf3 Qg4 24.Qxg4 fxg4 25.Re2 Rfc8 26.f3 gxf3 27.Rxf3 Rc6 28.Kf1 Rac8 29.Rff2 g5
30.Bg3 Kg7 31.Ke1 Re6 32.Kd1 Kg6 33.h3 Rce8 34.Rxe6 Rxe6 35.Bh2 h5 36.Bg1 h4
37.Rf3 Be5 38.Rf8 Rf6 39.Rxf6+ Kxf6 40.Ke2 Kf5 41.Kf3 a5 42.Bf2 a4 43.Be1 Bf4
44.Bb4 Bc1 45.b3 d5 46.Bc5 Bb2 47.bxa4  1/2-1/2

[Event "TCh-AUT 1st Bundesliga 2013-14"]
[Site "Jenbach AUT"]
[Date "2013.12.06"]
[Round "1.6"]
[White "Petschar,H"]
[Black "Gerhold,M"]
[Result "1/2-1/2"]
[WhiteElo "2117"]
[BlackElo "2270"]

1.e4 c5 2.Nf3 Nc6 3.Bb5 g6 4.Bxc6 dxc6 5.d3 Bg7 6.O-O Nf6 7.h3 O-O 8.Nc3 Ne8
9.Be3 b6 10.Qd2 Nc7 11.Bh6 Ne6 12.Bxg7 Kxg7 13.Rae1 Nd4 14.Nxd4 cxd4 15.Ne2 e6
16.f4 f5 17.Ng3 c5 18.exf5 exf5 19.Re5 Bb7 20.Rfe1 Rf7 21.Qf2 Rc8 22.Nf1 Bd5
23.Nh2 Qd7 24.b3 Qc6 25.R1e2 Rd8 26.Qh4 Qf6 27.Qf2 Qc6 28.Qh4 Qf6 29.Qf2 Qc6
30.Qh4  1/2-1/2

[Event "6th Kolkata Open"]
[Site "Kolkata IND"]
[Date "2013.12.06"]
[Round "1.14"]
[White "Stopa,Ja"]
[Black "Kiran,M"]
[Result "1-0"]
[WhiteElo "2488"]
[BlackElo "2240"]

1.Nf3 c5 2.e4 Nc6 3.Bb5 e6 4.Bxc6 bxc6 5.b3 Ne7 6.Bb2 Ng6 7.h4 h5 8.e5 Be7
9.Nc3 d6 10.exd6 Bf6 11.Ng5 Bxg5 12.hxg5 Qxg5 13.Qf3 Qe5+ 14.Kf1 Bd7 15.Re1 Qxd6
16.Ne4 Qf8 17.Ba3 f5 18.Nxc5 Qf6 19.Rxh5 Rxh5 20.Qxh5 O-O-O 21.Qe2 Rh8 22.Qa6+ Kd8
23.Nb7+ Kc7 24.Bd6+ Kc8 25.Qxa7 Rh1+ 26.Ke2  1-0

[Event "IV JAHV McGregor 2013"]
[Site "Bogota COL"]
[Date "2013.12.07"]
[Round "6.26"]
[White "Bacallao Alonso,Y"]
[Black "Chong Chinchay,Eric Joel"]
[Result "1-0"]
[WhiteElo "2519"]
[BlackElo "2068"]

1.e4 c5 2.Nf3 Nc6 3.Bb5 e6 4.Bxc6 bxc6 5.O-O Ne7 6.c3 Ng6 7.d4 cxd4 8.cxd4 Be7
9.Nc3 O-O 10.Be3 d6 11.Rc1 Bb7 12.Qa4 Bf6 13.Rfd1 Qe7 14.Ne2 Rfd8 15.Ng3 Nh4
16.Nd2 e5 17.dxe5 Bxe5 18.Nc4 Bxg3 19.hxg3 Ng6 20.Na5 c5 21.Nxb7 Qxb7 22.Rc2 Ne5
23.Rcd2 c4 24.f3 h6 25.Bd4 Rdc8 26.Kh2 a5 27.Qc2 f6 28.Qc3 Qb4 29.Qe3 Nf7
30.Bc3 Qb7 31.Rd5 a4 32.a3 Ra6 33.f4 Re8 34.R1d4 Rc6 35.Qe2 Qc8 36.Ra5 f5
37.Qh5 fxe4 38.Ra7 Rc7 39.Rxc7 Qxc7 40.Qg6 Re7 41.Rxe4 Nh8 42.Qf5 Rxe4 43.Qxe4 Qf7
44.Qa8+ Kh7 45.Qxa4 Qh5+ 46.Kg1 Qe2 47.Qd7 Qd1+ 48.Kh2 Qh5+ 49.Qh3 Qc5 50.Qg4 Ng6
51.a4 h5 52.Qd7  1-0

[Event "IV JAHV McGregor 2013"]
[Site "Bogota COL"]
[Date "2013.12.07"]
[Round "7.37"]
[White "Arribas Robaina,M"]
[Black "Hernandez,OsE"]
[Result "1-0"]
[WhiteElo "2314"]
[BlackElo "2023"]

1.e4 c5 2.Nf3 Nc6 3.Bb5 e6 4.O-O Nge7 5.Re1 g6 6.c3 Bg7 7.d4 cxd4 8.cxd4 a6
9.Ba4 d5 10.exd5 Nxd5 11.Nc3 Nxc3 12.bxc3 O-O 13.Bg5 Qa5 14.Bxc6 bxc6 15.Be7 Re8
16.Bb4 Qc7 17.Ne5 a5 18.Bc5 Ba6 19.Qf3 Bf8 20.Bxf8 Kxf8 21.Qf6 Kg8 22.Ng4 h5
23.Nh6+ Kh7 24.Nxf7 Rf8 25.Rxe6 Rxf7 26.Qxg6+ Kh8 27.Rae1 Rg8 28.Re8 Rff8
29.Rxf8 Rxf8 30.Qh6+ Kg8 31.Re5  1-0

[Event "TCh-AUT 1st Bundesliga 2013-14"]
[Site "Jenbach AUT"]
[Date "2013.12.07"]
[Round "2.5"]
[White "Novak,Pa1"]
[Black "Halvax,G"]
[Result "1-0"]
[WhiteElo "2349"]
[BlackElo "2304"]

1.e4 c5 2.Nf3 Nc6 3.Bb5 g6 4.O-O Bg7 5.c3 Nf6 6.Re1 O-O 7.d4 d5 8.e5 Ne4
9.Nbd2 cxd4 10.cxd4 Qb6 11.Bxc6 bxc6 12.Nxe4 dxe4 13.Rxe4 Bf5 14.Re2 Rfd8
15.Be3 Rd5 16.Qc1 Rad8 17.Qc3 f6 18.h3 Qb5 19.Rae1 Be4 20.Bf4 Bxf3 21.Qxf3 Rxd4
22.exf6 Bxf6 23.Be5 Bxe5 24.Rxe5 Qxb2 25.Rxe7 Rf8 26.Re8 Qb4 27.Rxf8+ Qxf8
28.Qxc6 Rd8 29.Qc7 a6 30.Qc4+ Qf7 31.Qxa6 h5 32.a4 Rd2 33.Qc8+ Kh7 34.Qc5 Rd7
35.a5 Qa2 36.Qb6 Qd2 37.Rb1 Rd6 38.Qc5 Qd3 39.Rb7+ Kh6 40.Qc7 Qd1+ 41.Kh2 Qd5
42.h4 Rd7 43.Qxd7 Qd6+ 44.g3  1-0

[Event "34th El Corte Ingles"]
[Site "Las Palmas ESP"]
[Date "2013.12.07"]
[Round "7.9"]
[White "Cruz Pino,A"]
[Black "Rodriguez Manzaneda,I"]
[Result "1-0"]
[WhiteElo "1995"]
[BlackElo "1712"]

1.e4 c5 2.Nf3 Nc6 3.Bb5 e6 4.O-O Nge7 5.Re1 a6 6.Bf1 Ng6 7.c3 Be7 8.d4 Qc7
9.a4 O-O 10.Bd3 Rd8 11.Na3 d5 12.e5 c4 13.Bc2 Rb8 14.Nb1 b5 15.axb5 Rxb5
16.g3 Na5 17.Nbd2 Qb7 18.h4 Nf8 19.h5 f5 20.exf6 Bxf6 21.Ne5 Qe7 22.f4 Bxe5
23.fxe5 Nc6 24.Nf3 h6 25.Nh4 Nh7 26.Qg4 Ng5 27.Ng6 Qc7 28.Ra2 Nf7 29.Rf1 Ne7
30.Nxe7+ Qxe7 31.Qg6 Kf8 32.Qh7 Qc7 33.Qh8+ Ke7 34.Qxg7 Rf8 35.Bxh6 Qd8 36.Bg5+  1-0

[Event "TCh-NED Meesterklasse 2013-14"]
[Site "Netherland NED"]
[Date "2013.12.07"]
[Round "3.6"]
[White "Schoorl,R"]
[Black "Wiersma,E"]
[Result "1/2-1/2"]
[WhiteElo "2340"]
[BlackElo "2353"]

1.e4 c5 2.Nf3 Nc6 3.Bb5 g6 4.O-O Bg7 5.Re1 Nf6 6.c3 O-O 7.h3 a6 8.Bxc6 dxc6
9.d4 cxd4 10.cxd4 c5 11.d5 b5 12.a4 Bb7 13.Qc2 e6 14.Qxc5 Nxe4 15.Rxe4 Rc8
16.Qe3 exd5 17.Rd4 Re8 18.Qd2 Bxd4 19.Nxd4 Qb6 20.Nc3 Rc4 21.Nce2 bxa4 22.Qd1 Qb4
23.Be3 Ba8 24.Nf4 Re4 25.Nfe2 a5 26.Qd3 Bb7 27.f3 Qxb2 28.Rd1 Re8 29.Rd2 Qa1+
30.Kf2 Rec8 31.Bh6 Re8 32.Rd1 Qa2 33.Rd2 Qa1 34.Rd1 Qa2 35.Rd2 Qa1 36.Rd1 Qa2  1/2-1/2

[Event "TCh-SVK Ext 2013-14"]
[Site "Slovakia SVK"]
[Date "2013.12.07"]
[Round "3.5"]
[White "Repkova,E"]
[Black "Harvan,R"]
[Result "1-0"]
[WhiteElo "2351"]
[BlackElo "2072"]

1.e4 c5 2.Nf3 Nc6 3.Bb5 g6 4.O-O Bg7 5.Re1 e5 6.d3 Nge7 7.a4 O-O 8.Be3 b6
9.Qc1 Bb7 10.Bh6 f6 11.Nc3 Nb4 12.Bc4+ d5 13.exd5 Nbxd5 14.Re4 Nf5 15.Bxg7 Kxg7
16.Nxd5 Bxd5 17.Bxd5 Qxd5 18.Qd2 Rad8 19.Rae1 Rf7 20.h4 h5 21.b3 a5 22.Qc3 Re7
23.Nd2 Nd6 24.R4e2 Rf7 25.Nf3 Re8 26.Qb2 Nf5 27.Re4 Nd6 28.c4 Qe6 29.Ng5 Qe7
30.Nxf7 Nxe4 31.Nxe5 fxe5 32.Rxe4 Kh7 33.Qe2 Qd6 34.f4 Rf8 35.fxe5 Qe6 36.d4 cxd4
37.Rxd4 Re8 38.Rd5 Re7 39.Qe4 Kg7 40.Qd4 Kh7 41.Rd6 Qf5 42.Rxb6 Rd7 43.Rd6 Rf7
44.e6  1-0

[Event "IV JAHV McGregor 2013"]
[Site "Bogota COL"]
[Date "2013.12.08"]
[Round "9.73"]
[White "Gomez V,Duvan Leandro"]
[Black "Salej,Jorge"]
[Result "0-1"]
[WhiteElo "1909"]
[BlackElo "2111"]

1.e4 c5 2.Nf3 Nc6 3.Bb5 e6 4.Bxc6 bxc6 5.O-O Ne7 6.d3 Ng6 7.b3 e5 8.Bb2 d6
9.h3 Be7 10.Nc3 O-O 11.Ne2 f5 12.exf5 Bxf5 13.Ng3 Be6 14.Qd2 Rxf3 15.gxf3 Bxh3
16.Rfe1 Nh4 17.Qe2 Qf8 18.Kh2 Bg2 19.Rg1 Bxf3 20.Qe3 h6 21.Ne4 Bxe4 22.dxe4 Nf3+
23.Kg2 Nxg1 24.Rxg1 Bg5 25.Qd3 Qf6 26.Kf1 Rf8 27.Rg2 Rd8 28.Qa6 Qf3 29.Qe2 Qf4
30.Rg4 Qf6 31.Qa6 Qf3 32.Qe2 Qxe2+ 33.Kxe2 Kf7 34.Rg3 g6 35.Bc3 Bf4 36.Rd3 g5
37.Ba5 Rd7 38.c4 g4 39.Bd2 Ke6 40.Be3 d5 41.Bd2 Bxd2 42.Rxd2 d4 43.Kf1 Kf6
44.Kg2 Kg5 45.f3 h5 46.Kg3 h4+ 47.Kg2 g3 48.Rd3 Rg7 49.Rd1 Kf4 50.Rd3 h3+  0-1

[Event "TCh-CZE Vychod 2013-14"]
[Site "Czech Rep CZE"]
[Date "2013.12.08"]
[Round "4.8"]
[White "Bures,Vi"]
[Black "Walek,Petr"]
[Result "1-0"]
[WhiteElo "2180"]
[BlackElo "2080"]

1.e4 c5 2.Nf3 Nc6 3.Bb5 g6 4.O-O Bg7 5.c3 e5 6.d3 Nge7 7.Be3 d6 8.d4 cxd4
9.cxd4 O-O 10.d5 Nb8 11.Nc3 h6 12.Nd2 f5 13.f3 Nd7 14.Qb3 Nf6 15.Be2 fxe4
16.fxe4 g5 17.Nc4 Ng6 18.Qa3 Nf4 19.Nxd6 Bg4 20.Rae1 Bxe2 21.Nxe2 Ng4 22.Nf5 Rxf5
23.exf5 Qxd5 24.Nxf4 exf4 25.Rd1 Qxf5 26.Bd4 Bxd4+ 27.Rxd4 Qe5 28.Rfd1 Re8
29.Qb3+ Kh8 30.Qc3 Ne3 31.Rd8 Kh7 32.Qd3+ Kg7 33.Rxe8 Qxe8 34.Qd7+ Kf8 35.Qd6+ Kf7
36.Rc1 Kg8 37.Qxh6 Qd8 38.h4 gxh4 39.Qxf4 Nd5 40.Qg4+ Kf7 41.Rf1+ Nf6 42.Qxh4 Qb6+
43.Rf2 Qe6 44.Qxf6+ Qxf6 45.Rxf6+ Kxf6 46.Kf2 Kg5 47.Kf3  1-0

[Event "TCh-AUT 1st Bundesliga 2013-14"]
[Site "Jenbach AUT"]
[Date "2013.12.08"]
[Round "3.1"]
[White "Rozentalis,E"]
[Black "Baumegger,S"]
[Result "1-0"]
[WhiteElo "2622"]
[BlackElo "2471"]

1.e4 c5 2.Nf3 Nc6 3.Bb5 d6 4.d4 cxd4 5.Qxd4 Bd7 6.Bxc6 Bxc6 7.c4 f5 8.exf5 Qa5+
9.Nbd2 Bxf3 10.b4 Qxf5 11.Nxf3 Nf6 12.O-O e5 13.Qe3 Be7 14.Bb2 O-O 15.c5 dxc5
16.Nxe5 Qc2 17.Rab1 Nd5 18.Qh3 Nf4 19.Qg4 h5 20.Qd1 Qxd1 21.Rfxd1 cxb4 22.Rd7 Bf6
23.Rxb7 Rfe8 24.Nf3 Ne2+ 25.Kf1 Nc3 26.Ra1 Reb8 27.Rxb8+ Rxb8 28.Nd2 a5 29.a4 Kf7
30.Nb3 Ra8 31.Ke1 Re8+ 32.Kf1 Ra8 33.Ke1 Ke6 34.f3 Kd5 35.Kd2 Re8 36.Kd3 Bg5
37.Nxa5 Re3+ 38.Kc2 Re2+ 39.Kb3 Rxg2 40.Nc4 Kc6 41.a5 Kb7 42.a6+ Ka7 43.Ne5 Re2
44.Nc6+ Ka8 45.Nxb4 Nb5 46.Ra5  1-0

[Event "TCh-CZE Zapad 2013-14"]
[Site "Karlovy Vary CZE"]
[Date "2013.12.08"]
[Round "4.2"]
[White "Svoboda,S"]
[Black "Stockova,Z"]
[Result "0-1"]
[WhiteElo "2331"]
[BlackElo "2366"]

1.e4 c5 2.Nf3 Nc6 3.Bb5 d6 4.d4 cxd4 5.Qxd4 Bd7 6.Bxc6 Bxc6 7.Nc3 Nf6 8.Bg5 e6
9.O-O-O Be7 10.Rhe1 Qa5 11.Qd2 h6 12.Bh4 Rc8 13.Nd4 O-O 14.Kb1 Rfe8 15.f3 Kh8
16.Bf2 Nd7 17.Nb3 Qc7 18.Nd4 a6 19.g4 Ne5 20.Qe2 Bd7 21.f4 Nc4 22.Rd3 d5
23.exd5 Bb4 24.d6 Bxd6 25.g5 Bxf4 26.gxh6 Bxh6 27.Qh5 e5 28.Nb3 Be6 29.Bh4 e4
30.Rg3 Qe5 31.Bg5 e3 32.Qh4 Na3+ 33.Kc1 Rxc3 34.bxc3 Qxc3 35.Re2 Bxb3 36.Rgxe3 Rxe3
37.Bxe3 Qa1+ 38.Kd2 Nb1+ 39.Ke1 Nc3+ 40.Kf2 Nd1+ 41.Kg2 Bd5+  0-1

[Event "ch-Arab Open 2013"]
[Site "Abu Dhabi UAE"]
[Date "2013.12.11"]
[Round "4.4"]
[White "Al Qudaimi,B"]
[Black "Al Hageri,B"]
[Result "1-0"]
[WhiteElo "2395"]
[BlackElo "2071"]

1.e4 c5 2.Nf3 Nc6 3.Bb5 d6 4.O-O Bd7 5.Re1 e6 6.c3 Nge7 7.d4 cxd4 8.cxd4 d5
9.Nc3 dxe4 10.Rxe4 a6 11.Bf1 Nb4 12.Ne5 Ng6 13.Nxg6 hxg6 14.a3 Nd5 15.Nxd5 Bc6
16.Nc3 Bd6 17.g3 Qf6 18.d5 O-O-O 19.dxc6 Rxh2 20.cxb7+ Kb8 21.Rf4  1-0

[Event "5th Penang Open 2013"]
[Site "George Town MAS"]
[Date "2013.12.11"]
[Round "5.24"]
[White "Zuherman,E"]
[Black "Frost,P"]
[Result "1/2-1/2"]
[WhiteElo "2313"]
[BlackElo "1787"]

1.e4 c5 2.Nf3 Nc6 3.Bb5 g6 4.O-O Bg7 5.c3 e6 6.d4 cxd4 7.cxd4 Nge7 8.d5 Ne5
9.Nc3 O-O 10.Nd4 exd5 11.exd5 d6 12.Be3 a6 13.Be2 b5 14.f4 Nc4 15.Bxc4 bxc4
16.Qa4 Qc7 17.Rac1 Bb7 18.b3 Nxd5 19.Nxd5 Bxd5 20.bxc4 Be4 21.c5 dxc5 22.Nb3 Qc6
23.Qxc6 Bxc6 24.Bxc5 Rfe8 25.Rfe1 Rxe1+ 26.Rxe1 Re8 27.Rxe8+ Bxe8 28.Kf2 Bc6
29.g3 f5 30.Ke3 Kf7 31.Bd4 Bf8 32.Bc5 Bg7 33.Bd4 Bf8 34.Bc5  1/2-1/2

[Event "5th Penang Open 2013"]
[Site "George Town MAS"]
[Date "2013.12.12"]
[Round "7.1"]
[White "Nolte,R"]
[Black "Mariano,N2"]
[Result "1/2-1/2"]
[WhiteElo "2425"]
[BlackElo "2304"]

1.e4 c5 2.Nf3 Nc6 3.Bb5 g6 4.O-O Bg7 5.Re1 Nf6 6.c3 O-O 7.d4 cxd4 8.cxd4 d5
9.e5 Ne4 10.Bxc6 bxc6 11.Nbd2 c5 12.dxc5 Nxc5 13.Nb3 Nxb3 14.Qxb3 d4 15.Qd3 Bb7
16.Qxd4 Qxd4 17.Nxd4 Rfd8 18.Nf3  1/2-1/2

[Event "5th Penang Open 2013"]
[Site "George Town MAS"]
[Date "2013.12.12"]
[Round "7.12"]
[White "Villanueva,N"]
[Black "Noguchi,K"]
[Result "1-0"]
[WhiteElo "2265"]
[BlackElo "2089"]

1.e4 c5 2.Nf3 Nc6 3.Bb5 g6 4.O-O Bg7 5.Re1 Nf6 6.e5 Nd5 7.Nc3 Nc7 8.Bxc6 bxc6
9.Ne4 Ne6 10.d3 O-O 11.Be3 d6 12.Qc1 Rb8 13.Bh6 Nd4 14.Nxd4 cxd4 15.exd6 exd6
16.Bg5 f6 17.Bf4 Rb7 18.Nxd6 Rd7 19.Nxc8 Qxc8 20.Bh6 c5 21.Bxg7 Kxg7 22.b3 Qc7
23.Qd2 Rff7 24.Re4 Qb7 25.Qa5 Qb4 26.Qxb4 cxb4 27.a3 Rc7 28.Ra2 bxa3 29.Rxd4 Rfe7
30.Kf1 Rc5 31.Ra4 Rce5 32.g3 Re1+ 33.Kg2 Rc1 34.R4xa3 Ree1 35.Rxa7+ Kh6  1-0

[Event "5th Penang Open 2013"]
[Site "George Town MAS"]
[Date "2013.12.12"]
[Round "7.41"]
[White "Ng,Jen Sheng"]
[Black "William,Lee Kah Howe"]
[Result "1/2-1/2"]
[WhiteElo "1691"]
[BlackElo "1798"]

1.e4 c5 2.Nf3 Nc6 3.Bb5 g6 4.O-O Bg7 5.Re1 e6 6.c3 a6 7.Ba4 Nge7 8.d4 b5
9.Bc2 cxd4 10.cxd4 d5 11.e5 O-O 12.Nbd2 Qc7 13.Nb3 Bb7 14.Be3 Rfc8 15.Rc1 Bf8
16.Qd2 Nf5 17.Bxf5 exf5 18.Bh6 Be7 19.a3  1/2-1/2

[Event "Pavlodar Open 2013"]
[Site "Pavlodar KAZ"]
[Date "2013.12.12"]
[Round "4.7"]
[White "Ulibin,M"]
[Black "Khanin,S"]
[Result "0-1"]
[WhiteElo "2506"]
[BlackElo "2299"]

1.e4 c5 2.Nf3 Nc6 3.Bb5 g6 4.O-O Bg7 5.c3 Nf6 6.Re1 O-O 7.d4 cxd4 8.cxd4 d5
9.e5 Ne4 10.Nbd2 Nxd2 11.Bxd2 Qb6 12.Qa4 Bd7 13.Bxc6 Qxc6 14.Qa3 Rfe8 15.Rac1 Qe6
16.Rc7 Bc6 17.Ng5 Qg4 18.e6 f6 19.Nf3 Bf8 20.h3 Qf5 21.Qb3 g5 22.g4 Qg6 23.Nh2 Rac8
24.Rxc8 Rxc8 25.Nf1 h5 26.Ng3 Qh7 27.Nf5 Be8 28.Bc3 hxg4 29.hxg4 Qh3 30.Qd1 Bh5
31.f3 Bg6 32.Qd3 Qg3+ 33.Kf1 Qh3+ 34.Ke2 Qh2+ 35.Kd1 Be8 36.Kc1 a6 37.Kb1 Bb5
38.Qe3 Rc6 39.b3 a5 40.Bxa5 Rc2 41.Bc3 Re2  0-1

[Event "Pavlodar Open 2013"]
[Site "Pavlodar KAZ"]
[Date "2013.12.12"]
[Round "4.38"]
[White "Bayzhanova,Zhanar"]
[Black "Mukashev,Aminzhan"]
[Result "1-0"]
[WhiteElo "2017"]
[BlackElo "1604"]

1.e4 c5 2.Nf3 Nc6 3.Bb5 d6 4.Bxc6+ bxc6 5.O-O e5 6.d3 Bg4 7.c4 Ne7 8.Nbd2 g6
9.h3 Bxf3 10.Nxf3 Bg7 11.Qa4 O-O 12.Bg5 f6 13.Be3 Qb6 14.Rab1 a5 15.Nd2 f5
16.f4 Qb4 17.Qc2 fxe4 18.Nxe4 Nf5 19.Bd2 Qb6 20.g4 Nd4 21.Qd1 d5 22.Nc3 Rad8
23.Na4 Qa7 24.Nc3 Ne6 25.Qe2 Nxf4 26.Bxf4 exf4 27.Qe6+ Kh8 28.Qxc6 dxc4 29.dxc4 Bd4+
30.Kh1 Qe7 31.Qf3 Rde8 32.Nd5 Qh4 33.b3 Re6 34.Rbd1 Rfe8 35.a3 Re1 36.Rdxe1 Rxe1
37.Nxf4 Qe7 38.Ng2 Re2 39.Qd3 Rb2 40.Qf3 Re2 41.h4 Rc2 42.Re1 Qd8 43.Qf7 Be3
44.Rxe3 Rc1+ 45.Kh2 Qd6+ 46.Qf4 Qxf4+ 47.Nxf4 Ra1  1-0

[Event "5th Penang Open 2013"]
[Site "George Town MAS"]
[Date "2013.12.13"]
[Round "8.27"]
[White "Ong,Way"]
[Black "Ang,Zhen Yuan"]
[Result "1-0"]
[WhiteElo "2018"]
[BlackElo "1772"]

1.e4 c5 2.Nf3 Nc6 3.Bb5 g6 4.O-O Bg7 5.Nc3 e6 6.Bxc6 dxc6 7.e5 Qc7 8.b3 Ne7
9.Bb2 O-O 10.Ne4 b6 11.Nf6+ Kh8 12.Ng5 Bxf6 13.exf6 Ng8 14.f4 Qd7 15.Be5 Qd5
16.c4 Qd7 17.Rf3 h6 18.Rh3 Rd8 19.d3 Qe8 20.Qe1 Qf8 21.Qe4 Bd7 22.Bd6 Nxf6
23.Be5 Kg7 24.Rxh6 Kg8 25.Rh8+ Kxh8 26.Bxf6+ Kg8 27.Rf1 Re8 28.Qe5 Qh6 29.Rf3 Qh5
30.Nh7 Bc8 31.Bh8 Qxe5 32.Bxe5 Rd8 33.Rh3 Rd4 34.Nf6+ Kf8 35.Rh8+ Ke7 36.Re8+  1-0

[Event "Pavlodar Open 2013"]
[Site "Pavlodar KAZ"]
[Date "2013.12.13"]
[Round "5.7"]
[White "Khegay,D"]
[Black "Jumabayev,R"]
[Result "0-1"]
[WhiteElo "2348"]
[BlackElo "2561"]

1.e4 c5 2.Nf3 Nc6 3.Bb5 e6 4.Bxc6 bxc6 5.O-O d6 6.d3 e5 7.Nbd2 Ne7 8.a3 a5
9.Nc4 Ng6 10.a4 f6 11.Bd2 d5 12.Ne3 Nf4 13.Re1 Be7 14.Nf5 Ne6 15.N3h4 g6
16.Nxe7 Qxe7 17.exd5 cxd5 18.f4 f5 19.Nf3 e4 20.Ne5 Bb7 21.Ra3 O-O 22.dxe4 fxe4
23.Qg4 Ra6 24.Rg3 d4 25.Rf1 e3 26.Be1 Bc8 27.Qf3 Nxf4  0-1

[Event "25th Carlos Torre Open"]
[Site "Merida MEX"]
[Date "2013.12.14"]
[Round "3.1"]
[White "Bruzon Batista,L"]
[Black "Zapata,Alo"]
[Result "1-0"]
[WhiteElo "2677"]
[BlackElo "2501"]

1.e4 c5 2.Nf3 Nc6 3.Bb5 g6 4.Bxc6 dxc6 5.d3 Bg7 6.h3 e5 7.O-O Qe7 8.Nbd2 Nf6
9.Nc4 Nd7 10.Bd2 O-O 11.a3 b6 12.Bc3 Re8 13.b4 Ba6 14.Nfd2 Rad8 15.Qb1 f6
16.Kh1 h5 17.f4 exf4 18.Rxf4 Kh7 19.Qb2 Rf8 20.Raf1 Bc8 21.bxc5 bxc5 22.Na5 Ne5
23.R4f2 Bd7 24.Ndc4 Rb8 25.Qa1 Kg8 26.Nxe5 fxe5 27.Rxf8+ Rxf8 28.Rxf8+ Kxf8
29.Nc4 Be6 30.Nxe5 Bxe5 31.Bxe5 Kf7 32.Bh2  1-0

[Event "25th Carlos Torre Open"]
[Site "Merida MEX"]
[Date "2013.12.14"]
[Round "3.5"]
[White "Quesada Perez,Ya"]
[Black "Gonzalez Zamora,J"]
[Result "1-0"]
[WhiteElo "2452"]
[BlackElo "2537"]

1.e4 c5 2.Nf3 Nc6 3.Bb5 d6 4.Bxc6+ bxc6 5.O-O e5 6.c3 Nf6 7.d4 cxd4 8.cxd4 Nd7
9.Nc3 Be7 10.Be3 O-O 11.Rc1 Re8 12.Qc2 f6 13.Rfd1 Kh8 14.h3 Qa5 15.dxe5 dxe5
16.Na4 c5 17.b3 Qb5 18.Nxc5 Bxc5 19.Bxc5 Bb7 20.b4 Bc6 21.Nd2 Qa4 22.Qxa4 Bxa4
23.Nb3 h5 24.Rd6 Rec8 25.Ra6 Bxb3 26.axb3 Rc7 27.Rc4 Nxc5 28.bxc5 Rd8 29.b4 Rd1+
30.Kh2 h4 31.c6 Rb1 32.Ra5 Kg8 33.Ra6 Rd1 34.b5 Rb1 35.Ra5 Kf8 36.Rca4 Rc8
37.Rxa7 Rxb5 38.Rb7 Rc5  1-0

[Event "Pavlodar Open 2013"]
[Site "Pavlodar KAZ"]
[Date "2013.12.15"]
[Round "6.33"]
[White "Ainutdinova,Y"]
[Black "Mansurov,S"]
[Result "1-0"]
[WhiteElo "2131"]
[BlackElo "1930"]

1.e4 c5 2.Nf3 Nc6 3.Bb5 a6 4.Bxc6 bxc6 5.O-O d6 6.h3 g6 7.d4 cxd4 8.Qxd4 e5
9.Qa4 Bd7 10.c4 Be7 11.Nc3 c5 12.Qc2 Be6 13.b3 h6 14.Be3 Kf8 15.Rad1 Qc7
16.Nh2 g5 17.Bc1 Nf6 18.Qe2 Rd8 19.Rd3 Rg8 20.Rfd1 Qc8 21.Nf1 Rg6 22.Ne3 Kg7
23.Ncd5 Bf8 24.Nxf6 Rxf6 25.Nf1 Rg6 26.g4 Be7 27.Ng3 Kh7 28.Bd2 Qc7 29.Qe1 Qc6
30.Ba5 Rd7 31.Qe2 Bf8 32.Rc3 Rb7 33.Qc2 Rg8 34.Rcd3 Be7 35.Qe2 Qc8 36.Qf3 Re8
37.Nh5 Rf8 38.Rxd6 f6 39.R6d3 Kg6 40.Ng3 Rf7 41.Nf5 Bf8 42.Rd8 Qc6 43.Nd6 Bxd6
44.R1xd6  1-0

[Event "20th Zadar Open A 2013"]
[Site "Zadar CRO"]
[Date "2013.12.16"]
[Round "2.10"]
[White "Jusic,Z"]
[Black "Predojevic,B"]
[Result "1-0"]
[WhiteElo "2306"]
[BlackElo "2607"]

1.e4 c5 2.Nf3 Nc6 3.Bb5 d6 4.O-O Bd7 5.c3 Nf6 6.d4 Nxe4 7.Re1 Nf6 8.Bg5 a6
9.Ba4 d5 10.Bxf6 gxf6 11.dxc5 e6 12.Qxd5 Qe7 13.Qd3 O-O-O 14.b4 Nxb4 15.cxb4 Bxa4
16.Qe3 h5 17.Nc3 Bh6 18.Qe2 Bc6 19.a4 Rhg8 20.b5 Rd2 21.bxc6 Rxe2 22.Rxe2 Qxc5
23.cxb7+ Kb8 24.Ne4 Qc6 25.Rae1 f5 26.Nf6 Rg6 27.Rb1 Bg7 28.Rc2 Qxb7 29.Rxb7+ Kxb7
30.Nxh5 Bh8 31.Nf4 Rg4 32.g3 Kb6 33.Rc8 Ba1 34.h3 Rg7 35.Nd2  1-0

[Event "51st ch-IND Premier 2013"]
[Site "Jalgaon IND"]
[Date "2013.12.18"]
[Round "2.7"]
[White "Stany,G"]
[Black "Akshat,Kh"]
[Result "1-0"]
[WhiteElo "2397"]
[BlackElo "2409"]

1.e4 c5 2.Nf3 Nc6 3.Bb5 e6 4.O-O Nge7 5.Re1 a6 6.Bxc6 Nxc6 7.d4 cxd4 8.Nxd4 Qc7
9.Nc3 Bd6 10.Nxc6 dxc6 11.f4 Bxf4 12.Bxf4 Qxf4 13.e5 O-O 14.Qd6 b5 15.Ne4 Bb7
16.Qc5 Rad8 17.Nd6 Ba8 18.Rad1 f6 19.exf6 Rxf6 20.Ne4 Rff8 21.Rxd8 Rxd8 22.Ng5 Rd5
23.Qe7 Rf5 24.Qxe6+ Kh8 25.Qxf5 Kg8 26.Qc5  1-0

[Event "20th Zadar Open A 2013"]
[Site "Zadar CRO"]
[Date "2013.12.18"]
[Round "6.9"]
[White "Cabarkapa,N"]
[Black "Palac,M"]
[Result "1/2-1/2"]
[WhiteElo "2404"]
[BlackElo "2581"]

1.e4 c5 2.Nf3 Nc6 3.Bb5 Nf6 4.Bxc6 dxc6 5.d3 g6 6.O-O Bg7 7.Nc3 Bg4 8.h3 Bxf3
9.Qxf3 Nd7 10.a4 a5 11.Qe2 e5 12.Nd1 O-O 13.Ne3 Re8 14.Nc4 Nf8  1/2-1/2

[Event "20th Zadar Open A 2013"]
[Site "Zadar CRO"]
[Date "2013.12.18"]
[Round "6.16"]
[White "Biliskov,V"]
[Black "Ivanov,StojanE"]
[Result "1/2-1/2"]
[WhiteElo "2353"]
[BlackElo "2241"]

1.e4 c5 2.Nf3 Nc6 3.Bb5 e6 4.O-O Nge7 5.Re1 a6 6.Bxc6 Nxc6 7.d4 cxd4 8.Nxd4 Be7
9.Nxc6 dxc6 10.Qg4 Kf8 11.e5 h5 12.Qe2 Bd7 13.Nd2 c5 14.Ne4 Bc6 15.Rd1 Qc7
16.Nd6 Bxd6 17.exd6 Qd7 18.Be3 Re8 19.f3 h4 20.Bxc5 Rh5 21.Bd4 Rg5 22.Be3 Rg6
23.h3 e5 24.Kh2 Rg3 25.Qf1 e4 26.Bf4 exf3 27.Bxg3 hxg3+ 28.Kxg3 fxg2 29.Qf4 Re4
30.Qg5 g1=Q+ 31.Rxg1 Qxd6+ 32.Kf2 Qd4+ 33.Kg3 Qd6+ 34.Kf2 Rf4+ 35.Ke1 Re4+
36.Kf1 Bb5+ 37.Kg2 Re2+ 38.Kf3 Qc6+ 39.Kg3 Qd6+ 40.Kf3 Qc6+ 41.Kg3 Qd6+ 42.Kf3 Qc6+  1/2-1/2

[Event "2nd Kurdistan Open 2013"]
[Site "Erbil IRQ"]
[Date "2013.12.19"]
[Round "9.13"]
[White "Kasparova,T"]
[Black "Rawand,Hamid Abdullah"]
[Result "1-0"]
[WhiteElo "2133"]
[BlackElo "1973"]

1.e4 c5 2.Nf3 Nc6 3.Bb5 a6 4.Bxc6 dxc6 5.d3 Qc7 6.e5 Bg4 7.Nbd2 e6 8.h3 Bh5
9.O-O Ne7 10.Re1 Nd5 11.Nf1 Be7 12.Bd2 a5 13.Ng3 Bg6 14.Bg5 O-O 15.Qd2 h6
16.Bxe7 Nxe7 17.Qc3 b6 18.Rad1 Rfd8 19.a3 Rd7 20.Nh4 Bh7 21.f4 Rad8 22.Nf3 Nd5
23.Qd2 c4 24.d4 c5 25.c3 Ne7 26.Qf2 Nc6 27.Ne2 Qb7 28.Rc1 cxd4 29.Nexd4 Nxd4
30.Nxd4 b5 31.Re3 Bd3 32.Qh4 b4 33.axb4 axb4 34.Qe1 Qb6 35.Kh2 Ra8 36.Rg3 bxc3
37.bxc3 Ra2 38.Ra1 Rda7 39.Rxa2 Rxa2 40.Qe3 Qb1 41.Qg1 Qb2 42.f5 Bxf5 43.Nxf5 exf5
44.Qd4 Qf2 45.Qd8+ Kh7 46.Qf8 g5 47.Qxf7+ Kh8 48.Qg6 g4 49.Qxh6+ Kg8 50.Qg6+ Kf8
51.e6 Ke7 52.Qf7+ Kd6 53.Qd7+ Kc5 54.e7 Ra1 55.Qd4+  1-0